00740nai a2200193Ia 4500003000900000008004100009022002200050022002300072040001600095245005500111260003600166310001200202362002600214521006900240856007100309942000700380999001700387952014200404IN-BaIIA211028c9999 xx s 000 0 eng d a0021-9568 (Print) a1520-5134 (Online) cIIA Library 0aJournal of Chemical & Engineering Datah[eJournal] aWashington DCbACS Publications aMonthly a44(1); 1996 - Present bSubscribed through National Knowledge Resource Consortium (NKRC) uhttps://pubs.acs.org/journal/jceaaxyClick Here to Access eJournal cEJ c34993d34993 00104070aBANbBANd2009-01-01eNKRCh44(1); 1996 - Presentl0pEJ1077r2021-11-05uhttps://pubs.acs.org/journal/jceaaxw2021-11-05yEJ